000
00288nam a2200109 a 4500
005
20200930070822.0
008
110926s2008 000 spa d
020
_a
997220913x
245
0
_a
Lexus enciclopedia del estudiante de secundaria.
260
_a
Barcelona,
_c
2008.
999
_c
33643
_d
33643
040
_a
DO-SdBNP